Tính toán khoa học /

Giáo trình được Tính toán khoa học biên soạn dựa trên nội dung các bài giảng mà tác giả sử dụng để giảng dạy cho sinh viên ngành CNTT, nội dung giáo trình gồm 9 chương

Sparad:
Bibliografiska uppgifter
Huvudupphovsman: Nguyễn Đức Nghĩa
Materialtyp: Bok
Språk:Vietnamese
Publicerad: H. : Bách Khoa Hà Nội , 2013
Upplaga:Lần thứ nhất
Ämnen:
Taggar: Lägg till en tagg
Inga taggar, Lägg till första taggen!
Thư viện lưu trữ: Thư viện Trường CĐ Kỹ Thuật Cao Thắng
LEADER 01100nam a2200277 a 4500
001 TVCDKTCT22913
003 CT
005 20170523102604.9
008 150202syyyy vn
980 \ \ |a Thư viện Trường CĐ Kỹ Thuật Cao Thắng 
024 |a RG_1 #1 eb0 i1 
020 # # |a 9786049112799   |c 88.000Đ 
041 0 # |a vie 
082 # # |a 004.01   |b T312T 
100 1 # |a Nguyễn Đức Nghĩa  
245 1 0 |a Tính toán khoa học /   |c Nguyễn Đức Nghĩa 
250 # # |a Lần thứ nhất 
260 # # |a H. :   |b Bách Khoa Hà Nội ,   |c 2013 
300 |a 408 tr. ;   |c 24 c 
520 # # |a Giáo trình được Tính toán khoa học biên soạn dựa trên nội dung các bài giảng mà tác giả sử dụng để giảng dạy cho sinh viên ngành CNTT, nội dung giáo trình gồm 9 chương 
541 # # |a Mua 
650 # 4 |a Giáo trình 
650 # 4 |a Thuật toán 
650 # 4 |a Toán tin 
721 # # |a Công nghệ thông tin 
841 # # |b Kho Sách   |j 100044640, 100044660, 100044665, 100044671, 100044675